000 00776nam a2200217 i 4500
001 171354
003 ES-MaACL
005 20250808062804.0
008 090512s1970 sp |||| | spa d
017 _aM 18004-1970
245 0 0 _aLos filósofos modernos /
_cselección de textos por Clemente Fernández.
260 _aMadrid :
_b[La Editorial Católica],
_c1970.
300 _a2 v. ;
_c20 cm.
490 1 _aBiblioteca de autores cristianos ;
_v310, 311
500 _aÍndice.
505 8 _aContiene : I. Descartes-Kant (XVI, 634 p. 1 h.) ; II. Fichte-Ayer (VIII, 578 p., 1 h.)
700 0 _aFernández, Clemente
_c, (S.I.)
_949347
830 0 0 _aBiblioteca de autores cristianos
_v310, 311
_9178679
852 _aES-MaACL
_jJ-303-04
_9R.46092
999 _c171354
_d171354